| 000 | 01371nam0a2200373 4500 | ||
|---|---|---|---|
| 001 | RU\NLR\bibl\1856198 | ||
| 005 | 20260406155405.0 | ||
| 010 | _a978-5-93615-111-8 | ||
| 021 |
_aRU _b2011-99682 _97137 |
||
| 035 | _a(NLR Aleph) 001846125 | ||
| 090 |
_a2338540 _c2338540 |
||
| 100 | _a20120113d2011 |||y0rusy50 ca | ||
| 101 | 1 |
_arus _cger |
|
| 102 | _aRU | ||
| 105 | _ay ||||||||| | ||
| 200 | 1 |
_aМакьявелли _dMachiavelli _fХанс Фрайер _gпер. с нем. Д.В. Кузницына _zger |
|
| 210 |
_aСанкт-Петербург _cВладимир Даль _d2011 |
||
| 215 |
_a349, [2] с. _d17 |
||
| 225 | 1 |
_aПОЛIE _fредкол.: В.М. Камнев [и др.] |
|
| 300 | _aАвт. также на нем. яз.: Hans Freyer | ||
| 320 | _aБиблиогр. в подстроч. примеч. | ||
| 510 | 0 |
_6z73790 _aMachiavelli _zger |
|
| 600 | 1 |
_aМакиавелли _bН. _f1469 - 1527 _gНикколо _91513906 _3RU\NLR\auth\66657412 |
|
| 686 | _aХ1(4Ит)403 | ||
| 686 | _aЮ3(4Ит)43-401.7 | ||
| 700 | 1 |
_aФрайер _bХ. _gХанс _4070 |
|
| 702 | 1 |
_4570 _8rus _7ca _aМакиавелли _bН. _f1469-1527 _gНикколо _3RU\NLR\auth\777637 _9117570 |
|
| 790 | 1 |
_6z73510 _aFreyer _bH. _gHans _4070 |
|
| 801 | 0 |
_aRU _bNLR _c20120113 _gRCR |
|
| 801 | 1 |
_aRU _bNLR _c20120113 |
|
| 942 | _cBOOK | ||
| 980 | _aNB | ||
| 980 | _aNBR | ||